[Event "USA-chT Amateur East"]
[Site "Parsippany"]
[Date "2001.02.17"]
[Round "1"]
[White "Castellino, Chris"]
[Black "Ruggiero, Michael"]
[Result "0-1"]
[WhiteElo "862"]
[BlackElo "1097"]
[PlyCount "98"]
[EventDate "2001.02.17"]
[EventType "team"]
[EventRounds "6"]
[EventCountry "USA"]
[SourceTitle "EXT 2002"]
[Source "ChessBase"]
[SourceDate "2001.11.25"]
[SourceVersion "1"]
[SourceVersionDate "2001.11.25"]
[SourceQuality "1"]

1. e4 c5 2. Nf3 d6 3. d4 cxd4 4. Nxd4 Nf6 5. Nc3 g6 6. Bd3 Bg7 7. Be3 Nc6 8. 0-0 Ng4 9. Nxc6 bxc6 10. Qd2 Nxe3 11. Qxe3 Qb6 12. Na4 Qxe3 13. fxe3 0-0 14. Bc4 Rb8 15. c3 Bd7 16. Rfd1 Be6 17. b3 Bxc4 18. bxc4 c5 19. Rab1 Bh6 20. Rxb8 Bxe3+ 21. Kh1 Rxb8 22. Re1 f5 23. exf5 gxf5 24. g3 Bg5 25. Rf1 e6 26. Re1 Kf7 27. Kg2 h5 28. Rd1 Ke7 29. h3 f4 30. gxf4 Bxf4 31. Rf1 e5 32. Rf2 Rg8+ 33. Kf1 Rg3 34. Rb2 Rxh3 35. Rb7+ Ke6 36. Rxa7 Bd2 37. Ke2 Bxc3 38. Nxc3 Rxc3 39. a4 Rxc4 40. Kf3 Kd5 41. a5 Rb4 42. a6 Rb8 43. Rb7 Ra8 44. Rh7 Rxa6 45. Rxh5 c4 46. Ke2 Kd4 47. Kd1 e4 48. Rh2 c3 49. Kc1 Ra1+ 0-1